• 首页
  • 本馆介绍
  • 公告通知
  • 最新文献
  • 馆藏检索
  • 电子资源
  • 读者导购
  • 参考咨询
  • 我的图书馆
  • 登录
  • 详细信息显示
  • 放入我的书架
  • 预约/预借图书
  • 作者相关作品
  • 分类相关作品
  • 丛书相关作品
  • 出版社相关作品

书目信息

  • 表格格式
  • 工作单格式
  • 卡片格式
题名:
工业发酵分析
    
 
作者: ;天津轻工业学院 编
分册:  
出版信息: 北京   轻工业出版社  1980
页数: 421页
开本: 21cm
丛书名:
单 册:
中图分类: TQ920.1
科图分类:
主题词: 工业发酵--分析--高等学校--教材
电子资源:
ISBN:
000 00678nam0 2200241 45
001 0180003655
005 20060911112421.01
010    @dCNY1.65
091    @a15042.1566
100    @a19950302d1980 em y0chiy0121 ea
101 0  @achi
102    @aCN@b110000
105    @ay z 000yy
200 10 @a工业发酵分析@Agong ye fa jiao fen xi@f天津轻工业学院编著
210    @a北京@c轻工业出版社@d1980
215    @a421页@d21cm
300    @a高等学校轻工专业试用教材
606    @a工业发酵@x分析@x高等学校@x教材
690    @aTQ920.1@v3
711 02 @a天津轻工业学院@Atian jin qing gong ye xue yuan@4编
801  2 @aCN@bNLC@c20060911
801  0 @aCN@bTSSF
905    @a10447@dTQ920.1@e11
    
    工业发酵分析/天津轻工业学院编著.-北京:轻工业出版社,1980
    421页;21cm
    高等学校轻工专业试用教材
    
    ISBN :CNY1.65
    
●
相关链接 在E读中查询图书 在五车中查询图书 在当当中查询图书 在豆瓣中查询图书


正题名:工业发酵分析     索取号:TQ920.1/11         预约/预借

序号 登录号 条形码 馆藏地/架位号 状态 备注
1 0470537   204705373   密集书库/ [索取号:TQ920.1/11] 在馆    
唐山师范学院图书馆 欢迎您!
大连网信软件有限公司© 版权所有